[Event "Bucharest Grand Prix"]
[Site "Bucharest"]
[Date "2023.04.29"]
[Round "1"]
[White "Vafiadis, Catalin Gabriel"]
[Black "Grigoriants, Sergey"]
[Result "0-1"]
[WhiteElo "1500"]
[BlackElo "2557"]
[PlyCount "72"]
[EventDate "2023.04.29"]
[EventType "swiss (rapid)"]
[EventRounds "10"]
[EventCountry "ROU"]
[SourceTitle "CBM 213 Extra"]
[Source "ChessBase"]
[SourceDate "2023.05.31"]
[SourceVersion "1"]
[SourceVersionDate "2023.05.31"]
[SourceQuality "1"]

1. e4 c5 2. Nc3 Nc6 3. Bb5 Nd4 4. Bc4 g6 5. d3 Bg7 6. Nge2 e6 7. 0-0 Ne7 8. Bg5 h6 9. Bxe7 Qxe7 10. Nxd4 cxd4 11. Ne2 0-0 12. f4 d6 13. c3 d5 14. Bb3 dxc3 15. bxc3 dxe4 16. d4 b6 17. Ng3 Bb7 18. Qe2 f5 19. Rfd1 Kh7 20. Rac1 Rfd8 21. Qe3 b5 22. Ne2 Rac8 23. g3 Bd5 24. Bxd5 Rxd5 25. Kg2 Rc4 26. Rb1 a6 27. Rb3 e5 28. fxe5 Bxe5 29. Nf4 Bxf4 30. gxf4 Rd7 31. Rf1 Rdc7 32. a3 Qf6 33. Kh1 Qc6 34. Rc1 h5 35. h3 a5 36. a4 Rxa4 0-1